<?xml version="1.0" encoding="UTF-8"?><?xml-stylesheet type="text/xsl" href="static/style.xsl"?><OAI-PMH xmlns="http://www.openarchives.org/OAI/2.0/" xmlns:xsi="http://www.w3.org/2001/XMLSchema-instance" xsi:schemaLocation="http://www.openarchives.org/OAI/2.0/ http://www.openarchives.org/OAI/2.0/OAI-PMH.xsd"><responseDate>2026-04-18T04:26:50Z</responseDate><request verb="GetRecord" identifier="oai:www.recercat.cat:10256/17328" metadataPrefix="marc">https://recercat.cat/oai/request</request><GetRecord><record><header><identifier>oai:recercat.cat:10256/17328</identifier><datestamp>2024-06-18T12:31:18Z</datestamp><setSpec>com_2072_452955</setSpec><setSpec>com_2072_2054</setSpec><setSpec>col_2072_453072</setSpec></header><metadata><record xmlns="http://www.loc.gov/MARC21/slim" xmlns:dcterms="http://purl.org/dc/terms/" xmlns:xsi="http://www.w3.org/2001/XMLSchema-instance" xmlns:doc="http://www.lyncode.com/xoai" xsi:schemaLocation="http://www.loc.gov/MARC21/slim http://www.loc.gov/standards/marcxml/schema/MARC21slim.xsd">
   <leader>00925njm 22002777a 4500</leader>
   <datafield ind2=" " ind1=" " tag="042">
      <subfield code="a">dc</subfield>
   </datafield>
   <datafield ind2=" " ind1=" " tag="720">
      <subfield code="a">Font-Mayolas, Sílvia</subfield>
      <subfield code="e">author</subfield>
   </datafield>
   <datafield ind2=" " ind1=" " tag="720">
      <subfield code="a">Sullman, Mark J.M.</subfield>
      <subfield code="e">author</subfield>
   </datafield>
   <datafield ind2=" " ind1=" " tag="720">
      <subfield code="a">Gras Pérez, María Eugenia</subfield>
      <subfield code="e">author</subfield>
   </datafield>
   <datafield ind2=" " ind1=" " tag="260">
      <subfield code="c">2019-12-11</subfield>
   </datafield>
   <datafield ind2=" " ind1=" " tag="520">
      <subfield code="a">Polytobacco use has become increasingly popular among young adults, particularly males, and can be defined as the concurrent use of regular cigarettes and other tobacco products (e.g., e-cigarettes). The present study investigated the use of legal smoking products (cigarettes, waterpipe and electronic cigarettes) among young adults (n = 355) in Spain and Turkey. The survey measured demographics, lifetime and past month tobacco use, waterpipe and e-cigarette use, whether waterpipes and e-cigarettes contained nicotine and reasons for using these substances. The majority of the Turkish (men = 80% and women = 63.9%) and Spanish sample (men = 61.4% and women = 69.3%) were polytobacco users. The most common reason for using e-cigarettes was “to experiment, to see what is like” (Turkish sample: men 66.7% and women 57.1; Spanish sample: men 72.7% and women 93.8%). The most common reason to use regular cigarettes was “to relax and relieve tension” (Turkish sample: men 88.9% and women 77.6%; Spanish sample: men 78.1% and women 76%), while for waterpipe users, the most common reason was “to experiment, to see what it is like” (Turkish sample: men 93.3% and women 80%; Spanish sample: men 78.9% and women 93.8%). The implications for prevention and future research are discussed</subfield>
   </datafield>
   <datafield ind1="8" ind2=" " tag="024">
      <subfield code="a">http://hdl.handle.net/10256/17328</subfield>
   </datafield>
   <datafield tag="653" ind2=" " ind1=" ">
      <subfield code="a">Hàbit de fumar</subfield>
   </datafield>
   <datafield tag="653" ind2=" " ind1=" ">
      <subfield code="a">Smoking</subfield>
   </datafield>
   <datafield tag="653" ind2=" " ind1=" ">
      <subfield code="a">Estudiants universitaris</subfield>
   </datafield>
   <datafield tag="653" ind2=" " ind1=" ">
      <subfield code="a">College students</subfield>
   </datafield>
   <datafield ind2="0" ind1="0" tag="245">
      <subfield code="a">Sex and Polytobacco Use among Spanish and Turkish University Students</subfield>
   </datafield>
</record></metadata></record></GetRecord></OAI-PMH>